| 000 | 00608nam a2200217 a 4500 | ||
|---|---|---|---|
| 001 | 2334855 | ||
| 005 | 20180312094721.0 | ||
| 008 | 830128s1983 ilua b 001 0 eng | ||
| 010 | _a 82082121 | ||
| 020 | _a0256025479 | ||
| 040 |
_aDLC _cDLC _dDLC |
||
| 041 | _aeng | ||
| 080 | _a519.536 NET | ||
| 082 | 0 | 0 |
_a519.536 NET _219 |
| 100 | 1 | _a55 | |
| 101 | _aSTA | ||
| 245 | 1 | 0 |
_aApplied linear regression models / _cJohn Neter, William Wasserman, Michael H. Kutner. |
| 504 | _aIncludes bibliographical references and index. | ||
| 906 |
_a7 _bcbc _corignew _d2 _eopcn _f19 _gy-gencatlg |
||
| 942 |
_2ddc _cBK |
||
| 999 |
_c44784 _d44784 |
||